Anales de Antropología (Record no. 161850)

MARC details
000 -CABECERA
campo de control de longitud fija 02246nas a2200253 a 4500
003 - IDENTIFICADOR DEL NÚMERO DE CONTROL
campo de control DLC
005 - FECHA Y HORA DE LA ÚLTIMA TRANSACCIÓN
campo de control 20250619102907.0
008 - ELEMENTOS DE LONGITUD FIJA--INFORMACIÓN GENERAL
campo de control de longitud fija 130220c1964 mx fr1p r 0 0eng d
022 ## - NÚMERO INTERNACIONAL NORMALIZADO PARA PUBLICACIONES SERIADAS
Número Internacional Normalizado para Publicaciones Seriadas 0185-1225 (impreso)
022 ## - NÚMERO INTERNACIONAL NORMALIZADO PARA PUBLICACIONES SERIADAS
Número Internacional Normalizado para Publicaciones Seriadas 2448-6221 (electrónico)
Fuente ISSN: 0185-1225 ISSN-e: 2448-6221 Registrarse Entrar ISSN: 0185-1225 ISSN-e: 2448-6221 Registrarse Entrar
035 ## - NÚMERO DE CONTROL DEL SISTEMA
Número de control de sistema UPN01000189747
040 ## - FUENTE DE LA CATALOGACIÓN
Centro catalogador/agencia de origen MX-MxUPN
Lengua de catalogación spa
Centro/agencia transcriptor MX-MxUPN
Normas de descripción aacr2
245 10 - MENCIÓN DE TÍTULO
Título Anales de Antropología
260 ## - PUBLICACIÓN, DISTRIBUCIÓN, ETC.
Lugar de publicación, distribución, etc. Distrito Federal, México :
Nombre del editor, distribuidor, etc. Universidad Nacional Autónoma de México, Instituto de Investigaciones Antropológicas,
Fecha de publicación, distribución, etc. 1964-
310 ## - FRECUENCIA ACTUAL DE LA PUBLICACION
Periodicidad actual Semestral
321 ## - FRECUENCIA ANTERIOR DE LA PUBLICACION
Periodicidad anterior Anual
510 ## - NOTA DE CITAS O REFERENCIAS BIBLIOGRÁFICAS
Nombre de la fuente Latindex
520 3# - NOTA DE RESUMEN, ETC.
Sumario, etc. Es una publicación sobre las diferentes disciplinas antropológica (antropología física, antropología social, arqueología, etnología, etnohistoria y lingüiística antropológica) trabajos científicos, ensayos críticos y teórico-metodológicos, así como reseñas bibliográficas; cuyo tema sea de interés mundial. Sin perder la perspectiva de la especialidad desde la cual se abordan los textos, sea interdisciplinario, o bien transdisciplinario.
Fuente proveedora Anales de antropología
530 ## - NOTA DE FORMATO FÍSICO ADICIONAL DISPONIBLE
Nota de formato físico adicional disponible También disponible versión electrónica
650 #2 - ASIENTO SECUNDARIO DE MATERIA - TERMINO TEMATICO
Término de materia o nombre geográfico como elemento de entrada Antropología
9 (RLIN) 4499
902 ## - ELEMENTOS DE DATOS B LOCAL, LDB (RLIN)
Creó Gloria Jiménez/160625
905 ## - TIPO DE MATERIAL
Tipo de material Revista
942 ## - ELEMENTOS DE PUNTO DE ACCESO ADICIONAL (KOHA)
Tipo de ítem Koha Revista Impresa
Holdings
Estado de retiro Estado de pérdida Fuente del sistema de clasificación o colocación Estado dañado No para préstamo Código de colección Localización permanente Ubicación/localización actual Ubicación en estantería Enumeración/cronología de publicación seriada Total de préstamos Código de barras Fecha visto por última vez Número de copia Tipo de ítem Koha Fecha de adquisición Identificador Uniforme del Recurso Precio válido a partir de
    Library of Congress Classification   Disponible (Préstamo en sala) Revistas Bib. Gregorio Torres Quintero Bib. Gregorio Torres Quintero Hemeroteca Sótano v. 40 (2006)   18975910 31/12/2020 1 Revista Impresa      
          Acceso abierto Bib. Gregorio Torres Quintero Bib. Gregorio Torres Quintero En línea       16/06/2025   Revista Electrónica 16/06/2025 https://www.revistas.unam.mx/index.php/antropologia/index 16/06/2025